000 00858nam a2200241Ia 4500
003 OSt
005 20220923222536.0
006 a|||||r|||| 00| 0
007 ta
008 220922b |||||||| |||| 00| 0 hin d
024 _a205,793
037 _cTextual
040 _aARTS
_cARTS
_bhin
041 _2hin
_ahin
082 _aP, 152M5-;1
100 _aजैन, निर्मलकुमार; शर्मा, विश्वनाथ
_9167020
245 0 _aसंक्षिप्त भाषाविज्ञान
246 _aSankṣpunta bhāṣhāvijnyāna
260 _aरोहतक
_b बह्पिब्लिकेशन
_c1985
300 _a160पृ.
_ccm.
942 _hP, 152M5-;1
_cTEXL
_2CC
999 _c356472
_d356472